000 00331nam a22001457a 4500
008 210301b ||||| |||| 00| 0 eng d
020 _a9780201432893
041 _aeng
080 _a621
082 _a621
100 _a26
101 _aMEK
245 _aUse case driven object modeling with UML
_cJacobson, I
942 _2udc
_cBK
999 _c55400
_d55400